[Event "Parauapebas Paraense-ch"]
[Site "Parauapebas"]
[Date "2015.11.21"]
[Round "4"]
[White "Martins, Clauber Figueiredo"]
[Black "Cunha, Adriano de Jesus Si"]
[Result "1/2-1/2"]
[WhiteElo "2039"]
[BlackElo "1999"]
[PlyCount "124"]
[EventDate "2015.11.20"]
[EventType "swiss"]
[EventRounds "6"]
[EventCountry "BRA"]
[SourceTitle "CBM 169 Extra"]
[Source "ChessBase"]
[SourceDate "2015.12.18"]
[SourceVersion "1"]
[SourceVersionDate "2015.12.18"]
[SourceQuality "1"]

1. e4 d6 2. Nf3 g6 3. c3 Nf6 4. g3 Bg7 5. Bg2 0-0 6. d3 c5 7. Be3 Ng4 8. Qd2 Nxe3 9. Qxe3 Nc6 10. Nbd2 b5 11. 0-0 b4 12. d4 bxc3 13. bxc3 cxd4 14. cxd4 Qb6 15. Nb3 Nb4 16. Rfc1 Ba6 17. Ne1 Rac8 18. a3 Rxc1 19. Rxc1 Nd3 20. Nxd3 Qxb3 21. Nb4 Qxe3 22. fxe3 Bb5 23. Bf1 Bxf1 24. Kxf1 f5 25. exf5 Rxf5+ 26. Ke2 Ra5 27. Rc3 Kf7 28. Kd3 d5 29. Kc2 Rb5 30. Rc7 a5 31. Nd3 Bh6 32. a4 Rb8 33. Rc5 Bxe3 34. Rxd5 Rc8+ 35. Kd1 Bg1 36. h3 Rc3 37. Ke2 Kf6 38. g4 h6 39. h4 e6 40. g5+ hxg5 41. hxg5+ Ke7 42. Rxa5 Bxd4 43. Ra6 Ra3 44. Nf4 Re3+ 45. Kd2 Kf7 46. Ne2 e5 47. Rf6+ Kg7 48. Nxd4 exd4 49. Rd6 Re5 50. Rd7+ Kf8 51. Rxd4 Rxg5 52. Kc3 Ke7 53. Kb4 Rg1 54. a5 g5 55. Kb5 g4 56. a6 g3 57. Rg4 Rb1+ 58. Kc6 Rc1+ 59. Kd5 Ra1 60. a7 Kf7 61. Rf4+ Kg6 62. Rg4+ Kf7 1/2-1/2

[Event "Barreirinhas Athenas op"]
[Site "Barreirinhas"]
[Date "2015.10.16"]
[Round "2"]
[White "Borges, Wagner da Silva"]
[Black "Cunha, Adriano de Jesus Si"]
[Result "1/2-1/2"]
[WhiteElo "2127"]
[BlackElo "1984"]
[PlyCount "32"]
[EventDate "2015.10.16"]
[EventType "swiss"]
[EventRounds "6"]
[EventCountry "BRA"]
[SourceTitle "CBM 168 Extra"]
[Source "ChessBase"]
[SourceDate "2015.10.29"]
[SourceVersion "1"]
[SourceVersionDate "2015.10.29"]
[SourceQuality "1"]

1. Nf3 d5 2. g3 Nf6 3. Bg2 e6 4. 0-0 Be7 5. b3 Nbd7 6. Bb2 0-0 7. c4 b6 8. d3 Bb7 9. Nbd2 Kh8 10. Qc2 c5 11. d4 Rc8 12. Rad1 Ba6 13. a4 Qc7 14. Rc1 h6 15. Rfe1 Bb7 16. Qb1 Qb8 1/2-1/2

[Event "Belem Leao Memorial"]
[Site "Belem"]
[Date "2015.06.06"]
[Round "3"]
[White "Chang, Suzana"]
[Black "Cunha, Adriano de Jesus Si"]
[Result "1/2-1/2"]
[WhiteElo "2057"]
[BlackElo "1990"]
[PlyCount "84"]
[EventDate "2015.06.05"]
[EventType "swiss"]
[EventRounds "6"]
[EventCountry "BRA"]
[SourceTitle "EXT 2016"]
[Source "ChessBase"]
[SourceDate "2015.10.08"]
[SourceVersion "1"]
[SourceVersionDate "2015.10.08"]
[SourceQuality "1"]

1. d4 Nf6 2. Nf3 e6 3. g3 b6 4. Bg2 Bb7 5. 0-0 Be7 6. c4 0-0 7. Nc3 Ne4 8. Bd2 Nxd2 9. Qxd2 d5 10. Ne5 c6 11. e4 f6 12. Nf3 dxc4 13. Rad1 Na6 14. Qe2 Nc7 15. Rfe1 b5 16. d5 cxd5 17. exd5 e5 18. Nxe5 fxe5 19. d6 Bxg2 20. dxe7 Qxe7 21. Kxg2 Rae8 22. Rd2 Qc5 23. Kg1 Re7 24. a4 a6 25. axb5 Nxb5 26. Rd5 Qb6 27. Rd2 Qc5 28. Rd5 Qc6 29. Qe4 Nxc3 30. bxc3 Ref7 31. Rd2 Qxe4 32. Rxe4 Rf3 33. Rxc4 Ra8 34. Kg2 Rf6 35. Ra2 Kf7 36. Rc7+ Kg6 37. Re7 Rc8 38. Rxe5 Rxc3 39. Re7 Rcc6 40. h4 h5 41. Ra7 Kh6 42. Re7 Rfe6 1/2-1/2